000 00346 a2200169 4500
001 185784
020 _a85-08-02058-9
040 _cMagnum
100 _aRey, Marcos
240 1 0 _aSozinha no mundo
_lpor
245 1 0 _aSozinha no mundo
300 _a126
362 0 _a1994
440 1 _aÁtica
697 _aLITERATURA JUVENIL
942 _cBK
999 _c185784
_d185784